Down's syndrome : children growing up

Αποθηκεύτηκε σε:
Λεπτομέρειες βιβλιογραφικής εγγραφής
Κύριος συγγραφέας: Carr, Janet H.
Μορφή: Βιβλίο
Γλώσσα:English
Δημοσίευση: Cambridge : Cambridge University Press, 1995
Θέματα:
Ετικέτες: Προσθήκη ετικέτας
Δεν υπάρχουν, Καταχωρήστε ετικέτα πρώτοι!

MARC

LEADER 00000nam a2200000 i 4500
001 1/99718
008 000127s1995 eng d
020 |a 0-521-46933-3 
035 |l 10056992 
040 |a GR-MY-UA  |b gre  |e aacr 
041 0 |a eng 
082 0 |a 362.196858 
100 1 |a Carr, Janet H. 
245 1 0 |a Down's syndrome :  |b children growing up /  |c Janet Carr 
260 |a Cambridge :   |b Cambridge University Press,   |c 1995 
300 |a 202 p. 
650 0 0 |a Down syndrome  |x Patients  |x Longitudinal studies. 
852 |a INST  |b RHODES  |e 20000127  |h 362.196858 CAR  |p 005400012258  |q 005400012258  |t BK  |y 0 
901 |a BIBL4-2000-1 
909 |a Ρ  |b 068636 
922 |a 4ΕΛΗ  |b 199909  |c ΚΠΣ/154  |d GLORY BOOKS 
970 |a ΚΟΥΛΑΚΙΟΤΗ  |b ΛΙΤΣΑ  |z 2000/01/27